000 00842nam a2200265 4500
003 EC-UNACH
006 s||||gr|||| 00| 00
008 150116t9999 mx r gr 000 0 spa d
040 _aEC-UNACH
_cEC-UNACH
041 _aspa
082 0 4 _223
_a861
_bL017484
100 _aEspinosa, Aurelio
245 _aOlmedo
_bEn la historia y en las letras
250 _aPrimera Edición
264 _aQuito
_bEditorial Casa de la Cultura Ecuatoriana
_c1980
300 _a214 paginas
_c21 cm.
505 _aOlmedo el hombre publico.- Olmedo y Bolívar.- Olmedo el poeta.- El águila de miñarica.- La muerte cristiana de Olmedo
650 _aBOLIVAR
650 _aINDEPENDENCIA
650 _aEJERCITO
942 _2ddc
_c1
999 _c14477